000 00671nam a2200229 a 4500
008
020 _a0748726950 (pbk. )
049 _aMAIN
090 _aTL272.5 HIL
100 1 _aHillier, V. A. W.
245 1 0 _aHillier's fundamentals of automotive electronics /
_cV.A.W. Hillier.
250 _a2nd ed.
260 _aCheltenham :
_bStanley Thornes,
_c1996.
300 _aviii, 408 p. :
_bill. ;
_c27 cm.
500 _aIncludes index.
650 0 _aMotor vehicles
_xElectronic equipment.
907 _a.b10002765
_b09-02-07
_c17-04-03
003
005 20230123134032.0
040 _cNUST
942 _cBOOKS
_kTL272.5 HIL
999 _c158892
_d158892